| 000 | 04005njm a2200601Ia 4500 | ||
|---|---|---|---|
| 001 | 32946 | ||
| 003 | IT-RoPAU | ||
| 005 | 20220918181120.0 | ||
| 008 | 131025s9999 xx 000 0 und d | ||
| 040 | _aIT-RoPAU | ||
| 040 | _cIT-RoPAU | ||
| 041 | _aITALIANO | ||
| 999 |
_c99689 _d99689 |
||
| 999 | _bn.d. | ||
| 100 |
_aAA.VV. _9794 |
||
| 100 |
_eAutore musica _918901 |
||
| 100 |
_gCodice autore musica SPICS: 12000 _9796 |
||
| 245 | _aMotivi dell'allegria (I) vol. 5 | ||
| 250 | _a1a ed. | ||
| 260 | _aMILANO | ||
| 260 |
_bCOMBO RECORD _c1970 [1a Ed.:1970] |
||
| 300 | _aDISCO | ||
| 500 | _aMusica folk, popolare. | ||
| 505 | _aPassa la ronda - Argentina- Wonderful Copenhagen - Marina - Ferriera - La luna nel rio - Quel motivetto che mi piace tanto - Olandesina - Ciondolo d'oro - Fox trot della nostalgia - Chitarra romana - Canta Pierrot - Pippo non lo sa | ||
| 511 | _aCantano Adriano Valle e Gabriella Piccinini con Rocco Bandera e suo fratello | ||
| 511 | _aCantano; Adriano Valle - Gabriella Piccinini con Rocco Bandera e suo fratello e coro Moderato | ||
| 511 | _aCantano Adriano Valle e Gabriella Piccinini con Rocco Bandera e suo fratello e coro Tango | ||
| 511 | _aCantano Adriano Valle e Gabriella Piccinini con Rocco Bandera e suo fratello e coro Valzer | ||
| 511 | _aCantano Adriano Valle e Gabriella Piccinini con Rocco Bandera e suo fratello e coro Ritmo allegro | ||
| 650 |
_aFOLK-POPOLARE [DISCHI] _eCodice MATERIA SPICS: 9950 _911487 |
||
| 700 |
_aBarzizza Pippo _dCodice autore musica SPICS: 13368 _eAutore musica _pLa canzone del boscaiolo _918902 |
||
| 700 |
_aMorbelli Riccardo _dCodice autore testo/musica SPICS: 13446 _eAutore testo/musica _pLa canzone del boscaiolo _918903 |
||
| 700 |
_aTagliapezzi _dCodice autore musica SPICS: 28400 _eAutore musica _pPassa la ronda _918904 |
||
| 700 |
_aGentili E. _dCodice autore testo/musica SPICS: 6179 _eAutore testo/musica _pPassa la ronda _918905 |
||
| 700 |
_aRaimondi Franca _dCodice autore musica SPICS: 13651 _eAutore musica _pArgentina _918906 |
||
| 700 |
_aLoesser Frank _dCodice autore testo/musica SPICS: 15672 _eAutore testo/musica _pWonderful Copenhagen _918907 |
||
| 700 |
_aGranata Rocco _dCodice autore testo/musica SPICS: 14040 _eAutore testo/musica _pMarina _918908 |
||
| 700 |
_aCherubini Bixio _dCodice autore testo/musica SPICS: 13442 _eAutore testo/musica _pFerriera - Ciondolo d'oro - Fox trot della nostalgia _918909 |
||
| 700 |
_aMarshall _dCodice autore musica SPICS: 28401 _eAutore musica _pLa luna nel rio _918910 |
||
| 700 |
_aPanzeri Mario _dCodice autore SPICS: 13372 _eAutore _pLa luna nel rio - Pippo non lo sa _918911 |
||
| 700 |
_aTestoni Giancarlo _dCodice autore testo/musica SPICS: 13524 _eAutore testo/musica _pLa luna nel rio _918912 |
||
| 700 |
_aCaslar (Casolaro) Dan (Donato) _dCodice autore musica SPICS: 13369 _eAutore musica _pQuel motivetto che mi piace tanto _918913 |
||
| 700 |
_aGaldieri Michele _dCodice autore testo/musica SPICS: 13370 _eAutore testo/musica _pQuel motivetto che mi piace tanto _918914 |
||
| 700 |
_aBuzzacchi _dCodice autore musica SPICS: 13585 _eAutore musica _pOlandesina _918915 |
||
| 700 |
_aSciama _dCodice autore testo/musica SPICS: 28402 _eAutore testo/musica _pOlandesina _918916 |
||
| 700 |
_aGuglielmetti _dCodice autore testo/musica SPICS: 28403 _eAutore testo/musica _pCiondolo d'oro _918917 |
||
| 700 |
_aVitaliani _dCodice autore testo/musica SPICS: 28404 _eAutore testo/musica _pFox trot della nostalgia _918918 |
||
| 700 |
_aDi Lazzaro Eldo _dCodice autore musica SPICS: 13500 _eAutore musica _pChitarra romana _918919 |
||
| 700 |
_aBruno C. _dCodice autore testo/musica SPICS: 13502 _eAutore testo/musica _pChitarra romana _918920 |
||
| 700 |
_aBixio Cesare Andrea _dCodice autore testo/musica SPICS: 13441 _eAutore testo/musica _pCanta Pierrot _918921 |
||
| 700 |
_aKramer Gorni _dCodice autore musica SPICS: 11552 _eAutore musica _pPippo non lo sa _918922 |
||
| 700 |
_aRastelli Nino _dCodice autore testo/musica SPICS: 13482 _eAutore testo/musica _pPippo non lo sa _918923 |
||
| 942 |
_cMD _2ddc |
||